[Event "6th Amplico AIG Life"]
[Site "Warsaw POL"]
[Date "2006.12.16"]
[Round "2"]
[White "Markowski,T"]
[Black "Alvarado,C"]
[Result "1-0"]
[WhiteElo "2561"]
[BlackElo "2200"]

1.g3 e5 2.c4 Nf6 3.Bg2 Nc6 4.Nc3 Bb4 5.Nd5 Nxd5 6.cxd5 Ne7 7.Nf3 Ng6 8.O-O O-O
9.d4 e4 10.Ng5 f5 11.d6 Bxd6 12.Qb3+ Kh8 13.Nf7+ Rxf7 14.Qxf7 Qf8 15.Qxf8+ Bxf8
16.Bd2 d5 17.Rfc1 Bd6 18.a3 a5 19.e3 Bd7 20.Bf1 Nf8 21.b4 a4 22.b5 Ne6 23.Bb4 b6
24.Bxd6 cxd6 25.Rab1 g6 26.Be2 Kg7 27.Rb4 Ra5 28.Bd1 Bxb5 29.Rc8 Bd7 30.Rb8 b5
31.Rb7 Nf8 32.Be2 Kf6 33.Bxb5  1-0

[Event "6th Amplico AIG Life"]
[Site "Warsaw POL"]
[Date "2006.12.16"]
[Round "4"]
[White "Stryjecki,M"]
[Black "Zhigalko,A"]
[Result "1/2-1/2"]
[WhiteElo "2423"]
[BlackElo "2532"]

1.g3 e5 2.c4 Nf6 3.Bg2 Nc6 4.Nc3 Bc5 5.e3 d5 6.cxd5 Nb4 7.d3 Nbxd5 8.Nxd5 Nxd5
9.a3 O-O 10.b4 Bb6 11.Nf3 f6 12.O-O Be6 13.Bb2 c6 14.e4 Nc7 15.d4 exd4 16.Nxd4 Bd7
17.Qb3+ Kh8 18.Rfe1 Re8 19.Rad1 Qe7 20.h3 Rad8 21.Kh2 Bc8 22.f4 Ne6 23.Nf5 Qf8
24.Qc2 g6 25.Nh4 Nd4 26.Qc3 Rd7 27.Nf3 Red8 28.Nxd4 Bxd4 29.Rxd4 Rxd4 30.e5 Rd3
31.Qc1 Be6 32.exf6 Bf7 33.Re7 Kg8 34.Bc3 R8d7 35.Qe1 Rd1 36.Qe5 a6 37.h4 Qd8
38.f5 R1d3 39.fxg6 hxg6 40.h5 R3d5 41.Rxd7 Qxd7 42.Bxd5 Qxd5 43.Qxd5 cxd5
44.h6 g5 45.Bd2 g4 46.Kg2 Kh7 47.Kf2 Kg6 48.Bg5 d4 49.Ke1 Bc4 50.Kd2 Kh7
51.Bf4 Kg6 52.Be5  1/2-1/2

[Event "13th Open A"]
[Site "Zadar CRO"]
[Date "2006.12.16"]
[Round "8"]
[White "Mandekic,I"]
[Black "Hoelzl,F"]
[Result "1-0"]
[WhiteElo "2254"]
[BlackElo "2351"]

1.c4 e5 2.g3 d6 3.Bg2 Nc6 4.Nc3 f5 5.d3 g6 6.Nf3 Bg7 7.O-O Nf6 8.Rb1 h6 9.b4 g5
10.b5 Ne7 11.a4 Nd7 12.Bb2 g4 13.Ne1 h5 14.Nd5 h4 15.f4 Nxd5 16.cxd5 Qe7
17.e4 hxg3 18.hxg3 exf4 19.Rxf4 Bxb2 20.Rxb2 Nf6 21.Re2 Qh7 22.exf5+ Kd8
23.Qc1 Qh2+ 24.Kf2 Rf8 25.Qc4 Bd7 26.Rc2 Rc8 27.Re2 Nh5 28.Rxg4 Bxf5 29.Nf3 Bxg4
30.Qxg4 c5 31.dxc6 bxc6 32.Re8+  1-0

[Event "IM Multicoms"]
[Site "Paris FRA"]
[Date "2006.12.18"]
[Round "6"]
[White "Manouck,T"]
[Black "Strugnell,C"]
[Result "1/2-1/2"]
[WhiteElo "2342"]
[BlackElo "2233"]

1.c4 e5 2.g3 Nf6 3.Bg2 d5 4.cxd5 Nxd5 5.Nc3 Nb6 6.Nf3 Nc6 7.O-O Be7 8.a3 a5
9.d3 Be6 10.Be3 Nd5 11.Nxd5 Bxd5 12.Qa4 O-O 13.Rfc1 f5 14.Qb5 Bf6 15.Rc5 Na7
16.Qxa5 b6 17.Rxd5 bxa5 18.Rxd8 Rfxd8 19.Nd2 e4 20.Nc4 Bd4 21.dxe4 fxe4 22.Bxe4 Rab8
23.Rc1 c5 24.Nxa5 Rxb2 25.Bxd4 cxd4 26.Bd3 Rb6 27.f4 Nc8 28.Nc6 Re8 29.a4 Ne7
30.Nxd4 Ra8 31.Bc4+ Kh8 32.Bb5 Rd6 33.Nf3 Nd5 34.Rd1 Rad8 35.Ne5 Kg8 36.Nc6 Nc3
37.Ra1 Ra8 38.Rc1 Nxa4 39.Ne5 Nb6 40.Rc7 Rc8 41.Bc4+ Kf8 42.Rf7+ Kg8 43.Rc7+ Kf8
44.Rf7+ Kg8  1/2-1/2

[Event "44th National A ch-IND"]
[Site "Atul IND"]
[Date "2006.12.24"]
[Round "8"]
[White "Sengupta,D"]
[Black "Girinath,P"]
[Result "1-0"]
[WhiteElo "2420"]
[BlackElo "2344"]

1.g3 e5 2.c4 Nc6 3.Bg2 g6 4.Nc3 Bg7 5.e4 d6 6.d3 Nd4 7.Be3 Ne7 8.Qd2 f5 9.h4 h6
10.Nge2 c6 11.f4 Be6 12.h5 Nxe2 13.Nxe2 fxe4 14.dxe4 gxh5 15.Bf3 Bxc4 16.Bxh5+ Kd7
17.Qb4 b5 18.O-O-O Kc7 19.b3 a5 20.Qd2 Bxe2 21.Bxe2 a4 22.f5 d5 23.Bc5 d4
24.Kb1 Ng8 25.Qb4 Nf6 26.Bd3 Nd7 27.Rc1 Nxc5 28.Rxc5 Bf8 29.Rxc6+ Kxc6 30.Qxb5+ Kd6
31.Qb4+ Kd7 32.Bb5+ Kc7 33.Qc4+ Kb8 34.Bc6 Ra5 35.Rc1 Rh7 36.b4 Qb6 37.Ka1 Raa7
38.Qe6 Rhe7 39.Qd6+ Rac7 40.Qd8+  1-0

[Event "Masters"]
[Site "Singapore SIN"]
[Date "2006.12.26"]
[Round "1"]
[White "Toh,T"]
[Black "Nguyen Ngoc Truongson"]
[Result "0-1"]
[WhiteElo "2410"]
[BlackElo "2534"]

1.c4 e5 2.g3 Nc6 3.Bg2 g6 4.Nc3 Bg7 5.e4 Nge7 6.Nge2 O-O 7.O-O Nd4 8.Nxd4 exd4
9.Ne2 d6 10.Rb1 a5 11.b3 Nc6 12.d3 Bd7 13.a3 Rb8 14.Qc2 b5 15.Bb2 bxc4 16.dxc4 Qg5
17.Nf4 Qc5 18.Nd3 Qb6 19.Ba1 Ne5 20.h3 f5 21.b4 axb4 22.Rxb4 Qa7 23.Rfb1 Rxb4
24.axb4 fxe4 25.Nxe5 dxe5 26.Qxe4 Kh8 27.Re1 Qa2 28.Qe2 Qxe2 29.Rxe2 h5 30.Ra2 Be6
31.Ra7 Rb8 32.Be4 Kh7 33.Ra6 Bf5 34.Bxf5 gxf5 35.b5 h4 36.gxh4 e4 37.Kf1 f4
38.f3 e3 39.Ke2 Re8 40.Ra2 Kg6 41.Kd3 Kh5 42.c5 Kxh4 43.Rg2 Bf6 44.b6 cxb6
45.cxb6 Kxh3 46.Rb2 Kg3 47.b7 Rb8 48.Rb6 Bh8 49.Bxd4 Bxd4 50.Kxd4 e2 51.Re6 Kxf3
52.Kd3 Rxb7 53.Kd2  0-1

[Event "Weihnachtsopen Masters"]
[Site "Zurich SUI"]
[Date "2006.12.26"]
[Round "1"]
[White "Eidinger,H"]
[Black "Jenni,F"]
[Result "0-1"]
[WhiteElo "2141"]
[BlackElo "2521"]

1.g3 e5 2.c4 Nf6 3.Bg2 Nc6 4.Nc3 Bb4 5.Nd5 Bc5 6.e3 O-O 7.Nxf6+ Qxf6 8.Ne2 d6
9.Nc3 Qg6 10.Nd5 Bf5 11.Nxc7 Bc2 12.Qf3 e4 13.Qf4 Bd3 14.Nxa8 Rxa8 15.a3 Ne5
16.b4 Bb6 17.c5 Bc7 18.Bb2 f6 19.Bh3 Nf3+ 20.Kd1 Qf7  0-1

[Event "16th North American Open"]
[Site "Las Vegas USA"]
[Date "2006.12.27"]
[Round "2"]
[White "Small,G"]
[Black "Stein,Alan"]
[Result "1/2-1/2"]
[WhiteElo "2254"]
[BlackElo "2425"]

1.c4 e5 2.g3 Nf6 3.Bg2 Bc5 4.Nc3 O-O 5.e3 Re8 6.Nge2 c6 7.O-O Bf8 8.d4 d6
9.h3 Na6 10.Qc2 exd4 11.Nxd4 d5 12.cxd5 Nb4 13.Qb3 Nbxd5 14.Nxd5 Nxd5 15.Rd1 Qf6
16.e4 Nb6 17.Be3 Qg6 18.Qc2 Nd7 19.Ne2 Qh5 20.Rd2 Nf6 21.Nf4 Qa5 22.a3 Rd8
23.Rxd8 Qxd8 24.e5 Ne8 25.Rd1 Qe7 26.Bd4 Nc7 27.b4 Ne6 28.Nxe6 Bxe6 29.Bc5 Qg5
30.Bxf8 Rxf8 31.Qc5 Bxh3 32.Bxh3 Qh5 33.Rd6 Qxh3 34.Qxa7 h5 35.Qxb7 h4 36.gxh4 Qxa3
37.Qxc6 Qxb4 38.Qd5 Qxh4 39.Rd7 Qh5 40.Kf1 Qh3+ 41.Ke2 Qh5+ 42.Kf1 Qh4 43.Ke1  1/2-1/2

[Event "Masters"]
[Site "Singapore SIN"]
[Date "2006.12.27"]
[Round "3"]
[White "Toh,T"]
[Black "Bachtiar,Ah"]
[Result "1-0"]
[WhiteElo "2410"]
[BlackElo "2244"]

1.c4 e5 2.g3 g6 3.d4 exd4 4.Qxd4 Nf6 5.Bg5 Bg7 6.Qe3+ Kf8 7.Nc3 h6 8.Bxf6 Bxf6
9.Nd5 Nc6 10.Nxf6 Qxf6 11.O-O-O d6 12.Qf4 Qxf4+ 13.gxf4 Be6 14.e3 a5 15.Nf3 a4
16.Nd4 Nxd4 17.Rxd4 a3 18.b3 Ke7 19.Be2 b5 20.cxb5 Rhb8 21.Kd2 Bd7 22.Rc1 Kd8
23.Ra4 Rxa4 24.bxa4 Ra8 25.Bd1 Be6 26.Bb3 c5 27.bxc6 Kc7 28.Rc3 Ra6 29.Bc2 Bxa2
30.Rxa3 Bc4 31.e4 Ra5 32.Rh3 h5 33.Rg3 Kxc6 34.Rg5 Ra8 35.Kc3 Be6 36.Bb3 Bxb3
37.Kxb3 Rb8+ 38.Kc3 Rb1 39.f5 Re1 40.Kd3 Rh1 41.fxg6 fxg6 42.Rxg6 Rxh2 43.f4 Kc5
44.Rg5+ Kc6 45.Ke3 h4 46.Rh5 Rh3+ 47.Kf2 Kd7 48.a5 Ke6 49.a6 Ra3 50.a7 Kf6
51.Rh6+ Kg7 52.Rxd6 Rxa7 53.Kf3 Ra3+ 54.Kg4 h3 55.Rd2 Kf6 56.Rh2 Ra1 57.Rxh3 Rg1+
58.Rg3 Re1 59.Kf3 Rf1+ 60.Ke3 Re1+ 61.Kd3 Rf1 62.Rg4 Rf3+ 63.Kd4 Rf1 64.Ke3 Re1+
65.Kf3 Rf1+ 66.Ke2 Ra1 67.Rg8 Ra3 68.Rb8 Kg6 69.Rd8 Kh5 70.Rg8 Rb3  1-0

[Event "IM Multicoms"]
[Site "Paris FRA"]
[Date "2006.12.29"]
[Round "8"]
[White "Colson,A"]
[Black "Strugnell,C"]
[Result "1/2-1/2"]
[WhiteElo "2208"]
[BlackElo "2233"]

1.c4 e5 2.g3 Nf6 3.Bg2 d5 4.cxd5 Nxd5 5.Nf3 Nc6 6.O-O Nb6 7.d3 Be7 8.Nbd2 O-O
9.a3 Be6 10.b4 a6 11.Bb2 f6 12.Qc2 Qd7 13.Rfd1 Bd5 14.Ne4 Qe6 15.Ned2 Nd8
16.Re1 Qc6 17.Qxc6 Bxc6 18.Nb3 Na4 19.Bc1 Bd5 20.Nfd2 Bxg2 21.Kxg2 Ne6 22.Nc4 b5
23.Nca5 c5 24.Bd2 Rac8 25.Rac1 Rfd8 26.Nxc5 Naxc5 27.bxc5 Bxc5 28.Bb4 Bxb4
29.axb4 Nd4 30.Rb1 Rc2 31.e3 Ne6 32.Rec1 Rdc8 33.Rxc2 Rxc2 34.Rd1 Nc7 35.Kf3 Nd5
36.Rb1 Kf7 37.g4 Ra2 38.Nc6 Ra3 39.Rb2 Rxd3 40.Ra2 Nc7 41.Rc2 Rb3 42.Nxe5+ fxe5
43.Rxc7+ Kf6 44.Rc6+ Kf7 45.Rxa6 Rxb4 46.Ra7+ Kf6 47.Ra6+ Kg5 48.Re6 Rb1
49.Rxe5+ Kf6 50.Rc5 b4 51.h4 b3 52.Rb5 Ke6 53.Kf4 Kd6 54.e4 Kc6 55.Rb8 Kc5
56.Kf5 Kc4 57.f4  1/2-1/2

[Event "Masters"]
[Site "Singapore SIN"]
[Date "2006.12.30"]
[Round "9"]
[White "Toh,T"]
[Black "Situru,N"]
[Result "1-0"]
[WhiteElo "2410"]
[BlackElo "2388"]

1.c4 e5 2.g3 g6 3.Bg2 Bg7 4.Nc3 d6 5.e4 Nc6 6.Nge2 h5 7.h4 Nd4 8.Nxd4 exd4
9.Ne2 c5 10.Nf4 Ne7 11.d3 a6 12.O-O Bg4 13.Qc2 Nc6 14.Nd5 b5 15.b3 O-O 16.Bg5 f6
17.Bd2 Ra7 18.cxb5 axb5 19.b4 c4 20.f3 Bd7 21.dxc4 Ne5 22.c5 Nc4 23.cxd6 Be6
24.Ne7+ Rxe7 25.dxe7 Qxe7 26.a4 d3 27.Qd1 f5 28.exf5 gxf5 29.Ra2 f4 30.Bxf4 Rxf4
31.gxf4 Bd4+ 32.Rff2 Bf5 33.axb5 Qxb4 34.Bh3 Nb2 35.Qb1 Bxf2+ 36.Kxf2 Qc5+
37.Kg3 d2 38.Bxf5 Qe3 39.Bh7+ Kf8 40.Qf5+ Ke7 41.Qg5+ Kd7 42.Qg7+ Ke6 43.Ra6+  1-0

[Event "Petrovskaya Ladya Open"]
[Site "Peterhof RUS"]
[Date "2007.01.04"]
[Round "2"]
[White "Battistini,M"]
[Black "Kiselev,P"]
[Result "0-1"]
[WhiteElo "2079"]
[BlackElo "2036"]

1.c4 e5 2.g3 f5 3.Bg2 Nf6 4.d4 e4 5.f3 Bb4+ 6.Bd2 Qe7 7.e3 exf3 8.Qxf3 Nc6
9.Ne2 Ne4 10.Bc3 O-O 11.O-O d6 12.Nf4 Bxc3 13.Nd5 Bxb2 14.Nxe7+ Nxe7 15.Qe2 Bxa1
16.Bxe4 fxe4 17.Rxf8+ Kxf8 18.Qc2 c5 19.Qxe4 cxd4 20.exd4 Bf5 21.Qf4 g5 22.Qf2 Kg7
23.Na3 Rf8 24.Nb5 Bh3 25.Qe1 Rf1+ 26.Qxf1 Bxf1 27.Kxf1 Nc8 28.Ke2 Kf7 29.Ke3 a6
30.Nc7 Nb6 31.c5 dxc5 32.dxc5 Nd7 33.c6 bxc6 34.Nxa6 Be5 35.Nb4 c5 36.Nd3 Ke6
37.a4 c4 38.Nb4  0-1

[Event "ch-NZL 2006-7"]
[Site "Wanganui NZL"]
[Date "2007.01.04"]
[Round "3"]
[White "Stuart,P"]
[Black "Forster,W"]
[Result "1/2-1/2"]
[WhiteElo "2139"]
[BlackElo "2009"]

1.c4 e5 2.g3 d6 3.Bg2 g6 4.Nc3 Bg7 5.e4 Ne7 6.Nge2 O-O 7.O-O Nbc6 8.d3 f5
9.Be3 Nd4 10.f3 c5 11.Qd2 Be6 12.Rae1 Qd7 13.Nd5 Nxe2+ 14.Rxe2 Nc6 15.Rfe1 Nd4
16.Bxd4 cxd4 17.Rf1  1/2-1/2

[Event "Australian Open"]
[Site "Tuggeranong AUS"]
[Date "2007.01.05"]
[Round "8"]
[White "Tredinnick,M"]
[Black "Escribano,J"]
[Result "1-0"]
[WhiteElo "2189"]
[BlackElo "1857"]

1.c4 e5 2.g3 Nc6 3.Bg2 f5 4.Nc3 Nf6 5.e3 g6 6.Nge2 Bg7 7.O-O O-O 8.Rb1 d6
9.d3 h6 10.b4 a6 11.Bd2 g5 12.f4 Qe8 13.Nd5 Qf7 14.a4 Nxd5 15.cxd5 Ne7 16.Qb3 Bd7
17.b5 axb5 18.axb5 Qh5 19.Bf3 g4 20.Bg2 Qe8 21.Rfc1 Rc8 22.b6 Ba4 23.Qb4 cxb6
24.Qxd6 Rf6 25.Rxc8 Nxc8 26.Qxe5 Qd7 27.Qb2 b5 28.Bc3 Rd6 29.Be5 Qe7 30.e4 Rb6
31.Bxg7 Qxg7 32.Qxg7+ Kxg7 33.Nd4 fxe4 34.dxe4 b4 35.e5 b3 36.Ne6+ Kf7 37.Nc5 Rb4
38.Nxa4 Rxa4 39.d6 Ke6 40.Bd5+ Kd7 41.Bxb3 Rd4 42.Bc2 Nxd6 43.exd6 Kxd6 44.Rd1 Kc5
45.Rxd4 Kxd4 46.Bf5 h5 47.Bg6  1-0

[Event "ch-NZL 2006-7"]
[Site "Wanganui NZL"]
[Date "2007.01.09"]
[Round "8"]
[White "Stuart,P"]
[Black "Steadman,M"]
[Result "0-1"]
[WhiteElo "2139"]
[BlackElo "2265"]

1.c4 e5 2.g3 Nf6 3.Bg2 d5 4.cxd5 Nxd5 5.Nc3 Nb6 6.Nf3 Nc6 7.O-O Be7 8.a3 g5
9.d3 g4 10.Nd2 h5 11.Nc4 h4 12.b4 Be6 13.Nxb6 axb6 14.Bb2 f5 15.e3 Bf6 16.Ne2 Qe7
17.Qc2 O-O-O 18.Rfd1 Qf7 19.Rd2 Bb3 20.Qb1 hxg3 21.hxg3 Bd5 22.e4 fxe4 23.dxe4 Bc4
24.Qe1 Rdf8 25.Nc1 Qh5 26.Nd3 Bg5 27.Rdd1 Qh2+ 28.Kf1 Qxg3 29.f3 Rxf3+  0-1

[Event "ch-NZL 2006-7"]
[Site "Wanganui NZL"]
[Date "2007.01.10"]
[Round "9"]
[White "Dive,RJ"]
[Black "Forster,W"]
[Result "1-0"]
[WhiteElo "2350"]
[BlackElo "2009"]

1.c4 e5 2.g3 g6 3.Bg2 Bg7 4.Nc3 d6 5.d3 f5 6.Rb1 Nf6 7.Nf3 O-O 8.O-O a5 9.a3 Kh8
10.b4 axb4 11.axb4 c6 12.Bb2 Be6 13.Ra1 Rxa1 14.Qxa1 Na6 15.b5 Nc7 16.Qa7 Qb8
17.Ra1 Kg8 18.c5 dxc5 19.Nxe5 Nfd5 20.Nxd5 Nxd5 21.f4 cxb5 22.Qxc5 Qc7 23.Qxb5 Ne3
24.Rc1 Qb8 25.Qb6  1-0

[Event "TCh-NOR 2006-7"]
[Site "Oslo NOR"]
[Date "2007.01.12"]
[Round "4"]
[White "Boger,R"]
[Black "Mork,K"]
[Result "1/2-1/2"]
[WhiteElo "1911"]
[BlackElo "2277"]

1.c4 e5 2.g3 Nc6 3.Bg2 g6 4.Nc3 Bg7 5.e4 d6 6.Nge2 f5 7.d3 Nf6 8.O-O O-O
9.h3 Be6 10.Nd5 Qd7 11.Kh2 Rf7 12.Be3 Raf8 13.Qd2 f4 14.gxf4 Nh5 15.fxe5 dxe5
16.f4 exf4 17.Nexf4 Be5 18.d4 Nxd4 19.Bxd4 Bxd4 20.Nxh5 Be5+ 21.Kh1 Rxf1+
22.Rxf1 Rxf1+ 23.Bxf1 gxh5 24.Qg5+ Qg7 25.Qxh5 Qg3 26.Nf6+ Bxf6 27.Qe8+ Kg7
28.Qxe6 Be5 29.Qg4+ Qxg4 30.hxg4 Bxb2 31.Kg2 Kf6 32.Kf3 Ke5 33.Ke3 Bc1+ 34.Kd3 b6
35.Be2 Bg5 36.a4 a5 37.Bd1 Be7 38.Be2 Bc5 39.Bd1 h6 40.Be2 Be7 41.Bd1  1/2-1/2

[Event "TCh-FIN 2006-7"]
[Site "Joensuu FIN"]
[Date "2007.01.13"]
[Round "6"]
[White "Lehtinen,H"]
[Black "Jouhki,Y"]
[Result "1/2-1/2"]
[WhiteElo "2363"]
[BlackElo "2297"]

1.c4 e5 2.g3 Nc6 3.Bg2 Nf6 4.Nc3 Bc5 5.Nf3 a6 6.Nxe5 Bxf2+ 7.Kxf2 Nxe5 8.b3 h5
9.d4 Ng6 10.h3 d6 11.e4 Nd7 12.Re1 h4 13.g4 O-O  1/2-1/2

[Event "TCh-NOR 2006-7"]
[Site "Oslo NOR"]
[Date "2007.01.13"]
[Round "5"]
[White "Lie,Es"]
[Black "Steedman,J"]
[Result "1-0"]
[WhiteElo "2335"]
[BlackElo "2232"]

1.c4 e5 2.g3 Nf6 3.Bg2 c6 4.d4 exd4 5.Qxd4 d5 6.cxd5 cxd5 7.Nf3 Nc6 8.Qa4 Bc5
9.O-O O-O 10.Bg5 h6 11.Bxf6 Qxf6 12.Nc3 Be6 13.Ne1 Rfd8 14.Nd3 Bb6 15.Rac1 Rd7
16.Qd1 Rad8 17.Na4 Bf5 18.Nac5 Re7 19.Nf4 Qxb2 20.Nxd5 Rxe2 21.Nxb7 Bxf2+
22.Kh1 Bb6 23.Qxe2 Qxe2 24.Rxf5 Nd4 25.Rf4 Ne6 26.Rff1 Rd7 27.Rfe1 Qd2 28.Rcd1 Rxd5
29.Bxd5 Qb2 30.Nd6 g6 31.Nxf7 Kxf7 32.Rxe6 Kg7 33.Rf1 Bf2 34.Re7+ Kh8 35.Rf7 Bc5
36.Rc7 Qd4 37.Rc8+  1-0

[Event "TCh-NOR 2006-7"]
[Site "Oslo NOR"]
[Date "2007.01.13"]
[Round "5"]
[White "Egeli,P"]
[Black "Lie,K"]
[Result "0-1"]
[WhiteElo "2284"]
[BlackElo "2529"]

1.c4 e5 2.g3 Nc6 3.Bg2 f5 4.Nc3 Nf6 5.d3 Bb4 6.Bd2 O-O 7.e3 f4 8.exf4 exf4
9.Bxf4 d5 10.a3 Bxc3+ 11.bxc3 dxc4 12.dxc4 Re8+ 13.Ne2 Be6 14.Qxd8 Raxd8
15.Bxc6 bxc6 16.Rd1 Rxd1+ 17.Kxd1 Bg4 18.Be3 Rb8 19.Re1 Rb2 20.Bxa7 Rb1+  0-1

[Event "zt 3.3"]
[Site "Phu Quoc VIE"]
[Date "2007.01.13"]
[Round "3"]
[White "Laylo,D"]
[Black "Ngo Ngoc Quang"]
[Result "1-0"]
[WhiteElo "2476"]
[BlackElo "2284"]

1.c4 e5 2.g3 Nf6 3.Bg2 Nc6 4.Nc3 Bb4 5.e4 d6 6.Nge2 O-O 7.O-O Bc5 8.h3 Be6
9.d3 Qd7 10.Kh2 Ne8 11.f4 f5 12.exf5 Bxf5 13.g4 Be6 14.f5 Bf7 15.Ne4 Nd8
16.N2g3 c6 17.Nxc5 dxc5 18.Qe2 Rc8 19.b3 Nc7 20.Bb2 Re8 21.g5 g6 22.Ne4  1-0

[Event "ch-CUB Open"]
[Site "Santa Clara CUB"]
[Date "2007.01.13"]
[Round "4"]
[White "Gongora,M"]
[Black "Blanco,H"]
[Result "1/2-1/2"]
[WhiteElo "2441"]
[BlackElo "2413"]

1.c4 e5 2.g3 Nf6 3.Bg2 d5 4.cxd5 Nxd5 5.Nc3 Nb6 6.Nf3 Nc6 7.O-O Be7 8.b3 Be6
9.Bb2 Qd7 10.d4 exd4 11.Nb5 O-O 12.Nbxd4 Nxd4 13.Qxd4 f6 14.Qxd7 Bxd7 15.Rfd1 Rad8
16.Kf1 Bc8 17.Ne1 Rxd1 18.Rxd1 Rd8 19.Rxd8+ Bxd8 20.Nd3 Be7 21.Bd4  1/2-1/2

[Event "TCh-BEL 2006-7"]
[Site "Belgium BEL"]
[Date "2007.01.14"]
[Round "6"]
[White "Barbier,W"]
[Black "Larsen,Ha"]
[Result "1-0"]
[WhiteElo "2177"]
[BlackElo "1839"]

1.c4 e5 2.g3 Nc6 3.Bg2 f5 4.Nc3 Nf6 5.d3 g6 6.Bg5 Bg7 7.Nf3 h6 8.Bxf6 Bxf6
9.Nd5 O-O 10.Qd2 Bg7 11.O-O d6 12.Rab1 a5 13.Ne1 Ne7 14.f4 c6 15.Nc3 Be6
16.Nf3 e4 17.dxe4 fxe4 18.Nxe4 Bxc4 19.b3 Bd5 20.Nc3 Be6 21.Kh1 Nd5 22.Nxd5 Bxd5
23.Nh4 Bxg2+ 24.Kxg2 Qf6 25.Qd3 Kh7 26.e4 Qd4 27.Qxd4 Bxd4 28.Rbd1 Bc5 29.f5 gxf5
30.Nxf5 a4 31.Rf4 axb3 32.axb3 Ra2+ 33.Kh3 Rb2 34.Rg4 Rxb3 35.Rg7+ Kh8 36.Rg6 b5
37.Rxh6+ Kg8 38.Rf1 Rf7 39.Rf4 Rh7  1-0

[Event "TCh-BEL 2006-7"]
[Site "Belgium BEL"]
[Date "2007.01.14"]
[Round "6"]
[White "Aglave,A"]
[Black "Hammes,M"]
[Result "0-1"]
[WhiteElo "2180"]
[BlackElo "2368"]

1.c4 e5 2.g3 Nf6 3.Bg2 d5 4.cxd5 Nxd5 5.Nc3 Nb6 6.Nf3 Nc6 7.O-O Be7 8.d3 O-O
9.Be3 Re8 10.Rc1 Bf8 11.Ne4 Nd4 12.Nxd4 exd4 13.Bg5 f6 14.Bd2 c6 15.Bf3 Be6
16.Nc5 Bxc5 17.Rxc5 Bd5 18.Bxd5+ Nxd5 19.Re1 Qd7 20.Qa4 Nb6 21.Qb3+ Re6 22.e4 dxe3
23.fxe3 Kh8 24.e4 Rd8 25.Be3 Qe7 26.Ra5 Nc8 27.Bf2 b6 28.Rf5 Nd6 29.Rf3 c5
30.Rfe3 Nf7 31.g4 Ne5 32.h3 Red6 33.Bg3 Rxd3  0-1

[Event "zt 3.3"]
[Site "Phu Quoc VIE"]
[Date "2007.01.15"]
[Round "6"]
[White "Ngo Ngoc Quang"]
[Black "Nguyen Van Huy"]
[Result "0-1"]
[WhiteElo "2284"]
[BlackElo "2345"]

1.c4 e5 2.g3 Nc6 3.Bg2 Bc5 4.d3 d6 5.Nf3 Be6 6.Nc3 Qd7 7.Nd5 h6 8.a3 Nge7
9.b4 Bb6 10.Nxb6 axb6 11.b5 Nd8 12.O-O Bh3 13.e4 O-O 14.d4 Bxg2 15.Kxg2 exd4
16.Nxd4 Ne6 17.Qg4 Nc5 18.Nf5 Nxf5 19.exf5 Kh8 20.Qf3 f6 21.Be3 Nd3 22.Qxb7 Qxf5
23.Rfd1 Ne5 24.Qd5 Ra4 25.Rdc1 Qh5 26.Ra2 Qf7 27.Bf4 Rxc4 28.Rd1 Qxd5+ 29.Rxd5 Kg8
30.Be3 Kf7 31.f4 Nd7 32.Kf2 Re8 33.Rd3 f5 34.a4 Nf6 35.h3 Ne4+ 36.Kf3 Ra8
37.Rda3 Ra5 38.Rd3 Ke6 39.g4 g6 40.gxf5+ gxf5 41.Rg2 Raxa4 42.Rg8 Kf7 43.Rh8 d5
44.Rxh6 d4 45.Bf2 Nc5 46.Ke2 Ne4  0-1

[Event "5th Parsvnath Open"]
[Site "New Delhi IND"]
[Date "2007.01.17"]
[Round "4"]
[White "Vijayalakshmi,S"]
[Black "Adhiban,B"]
[Result "1/2-1/2"]
[WhiteElo "2459"]
[BlackElo "2275"]

1.c4 e5 2.g3 Nc6 3.Bg2 g6 4.Nc3 Bg7 5.Rb1 d6 6.b4 f5 7.e3 e4 8.d4 exd3 9.Bxc6+ bxc6
10.Qxd3 Nf6 11.Nf3 O-O 12.O-O f4 13.exf4 Bf5 14.Qd1 Bxb1 15.Nxb1 Rb8 16.Nd4 Qd7
17.b5 cxb5 18.cxb5 a6 19.a4 axb5 20.axb5 Rxb5 21.Nxb5 Qxb5 22.Be3 Rd8 23.Qc2 Nd5
24.Na3 Nxe3 25.fxe3 Qb6 26.Qd3 d5 27.Rb1 Qe6 28.Rd1 c5 29.Nc2 Bf6 30.Rb1 Re8
31.Rb5 d4 32.Rxc5 dxe3 33.Qc4 e2 34.Qxe6+ Rxe6 35.Rc8+ Kg7 36.Ne1 Bd4+ 37.Kg2 h5
38.Rc1 Kf6 39.Kf3 Re3+ 40.Kg2 Re6 41.h3 Bb6 42.Rb1 Bc5 43.Nc2 Bb6 44.Ne1 Bd4
45.Rb3 Bb6 46.Kf3 Ba5 47.Rb1 Bb6 48.Ng2 Ba5 49.Ne1 Bd2 50.Kf2 h4 51.gxh4 Bxf4
52.Rb2 Kf5 53.Rxe2 Bg3+ 54.Kf1  1/2-1/2

[Event "zt 3.3"]
[Site "Phu Quoc VIE"]
[Date "2007.01.18"]
[Round "9"]
[White "Vo Thanh Ninh"]
[Black "Gundavaa,B"]
[Result "1-0"]
[WhiteElo "2365"]
[BlackElo "2256"]

1.c4 e5 2.g3 Nf6 3.Bg2 Nc6 4.Nc3 Bb4 5.Nd5 Bc5 6.d3 h6 7.Nf3 d6 8.O-O O-O
9.Bd2 Nxd5 10.cxd5 Ne7 11.b4 Bb6 12.Qb3 a5 13.bxa5 Bxa5 14.Bxa5 Rxa5 15.Nd2 Kh8
16.Qb4 Ra6 17.d4 c6 18.dxc6 Nxc6 19.Bxc6 Rxc6 20.Rfc1 Re8 21.Rxc6 bxc6 22.Nc4 Re6
23.dxe5 dxe5 24.Qb8 Kh7 25.Rc1 Qg5 26.e3 Bd7 27.Nb6 Re8 28.Qc7 Bg4 29.Qxf7 Re7
30.Qf8 e4 31.h4 Qe5 32.Nc4 Qe6 33.Qf4 Bf3 34.Kh2 g5 35.Qd6 gxh4 36.gxh4 Qxd6+
37.Nxd6 Rg7 38.Kh3 Rg2 39.Rc2 h5 40.Nf5 Rg1 41.Kh2 Rg2+ 42.Kh3 Rg1 43.Rxc6 Ra1
44.Nd4 Rh1+ 45.Kg3 Rg1+ 46.Kf4 Rg4+ 47.Ke5 Rxh4 48.Nxf3 exf3 49.Rf6 Ra4 50.Rxf3 Rxa2
51.Kf4 Kh6 52.Kg3 Kg5 53.Rf8 Ra1 54.f4+ Kg6 55.Rg8+ Kf6 56.Re8 Rg1+ 57.Kf2 Ra1
58.e4 Ra3 59.Rh8 Kg6 60.Rg8+ Kf6 61.Rg5 h4 62.Kg2 h3+ 63.Kf2 Ra2+ 64.Kf3 h2
65.Rh5 Kg6 66.Rh4 Rb2 67.Kg3 Re2 68.e5 Kf5 69.Rh5+ Kg6 70.Rxh2  1-0

[Event "GM"]
[Site "Geneve SUI"]
[Date "2007.01.22"]
[Round "3"]
[White "Cvitan,O"]
[Black "Vernay,C"]
[Result "1/2-1/2"]
[WhiteElo "2536"]
[BlackElo "2341"]

1.c4 e5 2.g3 Nf6 3.Bg2 d5 4.cxd5 Nxd5 5.Nc3 Nb6 6.Nf3 Nc6 7.O-O Be7 8.a3 O-O
9.b4 a6 10.d3 Be6 11.Rb1 Rb8 12.Be3 Nd5 13.Nxd5 Bxd5 14.Rc1 Re8 15.Qc2 Bd6
16.Qb2 Qe7 17.Bc5 e4 18.Nd2 f5 19.dxe4 fxe4 20.Bxd6 cxd6 21.Nc4 Bf7 22.Ne3 Rbd8
23.Rfd1 d5 24.Nf5 Qg5 25.Nd4 Qf6 26.Qd2 Ne5 27.Rc7 Qb6 28.Rdc1 Nc4 29.Qf4 Bg6
30.Rc5 Nxa3 31.Qc7 Qf6 32.e3 Rf8 33.Qf4 Nc4  1/2-1/2

[Event "12th HIT Open A"]
[Site "Nova Gorica SLO"]
[Date "2007.01.28"]
[Round "4"]
[White "Miezis,N"]
[Black "Borisek,J"]
[Result "1/2-1/2"]
[WhiteElo "2517"]
[BlackElo "2518"]

1.c4 e5 2.g3 c6 3.d4 Bb4+ 4.Bd2 Bxd2+ 5.Qxd2 d6 6.Nc3 Nf6 7.Rd1 Qe7 8.Bg2 O-O
9.Nf3 e4 10.Qe3 Re8 11.Nd2 d5 12.h3 Be6 13.g4 Nbd7 14.cxd5 cxd5 15.Nf1 Nb6
16.b3 Rac8 17.Qd2 h5 18.Rc1 hxg4 19.Ne3 gxh3 20.Bxh3 Rc6 21.Ncd1 Rxc1 22.Qxc1 Qb4+
23.Qc3 Qxc3+ 24.Nxc3 a6 25.Kd2 Kf8 26.Bxe6 fxe6 27.Rh8+ Kf7 28.Rh1 Nbd7 29.Nc2 Rc8
30.f3 exf3 31.exf3 Nb8 32.Ne2 Nc6 33.Nf4 e5 34.dxe5 Nxe5 35.Nd4 g5 36.Nd3 Nxd3
37.Kxd3 Kg6 38.Rg1 Re8 39.Ne2 Rh8 40.Ke3 Rh2 41.a4 Rh4 42.Nd4 Rh2 43.Ne2 Kh6
44.a5 Rh3 45.Rg3 Rh1 46.Rg1 Rxg1 47.Nxg1 Kg6 48.Kd4 Kf7 49.Ne2 Ke6 50.Ng1 Kd6
51.Nh3 Nh7 52.b4 Kc6 53.Nf2 Nf8 54.Nh3 Kb5 55.Nxg5 Kxb4 56.Kxd5 Kxa5 57.f4 Kb4
58.f5 a5 59.f6 a4 60.Ne6 Nh7 61.f7 a3 62.Ng5 Nf8 63.Ne6 Ng6 64.Ke4 a2 65.Kf5 a1=Q
66.Kxg6 Qg1+ 67.Kf6 Qf1+ 68.Ke7 Kc4 69.f8=Q Qxf8+ 70.Nxf8 b5 71.Nd7 b4 72.Nb6+ Kb5
73.Nd5 b3 74.Nc3+ Kc4 75.Na4  1/2-1/2

[Event "ch-UKR U20"]
[Site "Lviv UKR"]
[Date "2007.02.05"]
[Round "6"]
[White "Lots,S"]
[Black "Serik,M"]
[Result "0-1"]
[WhiteElo "2346"]
[BlackElo "2285"]

1.c4 e5 2.g3 Nf6 3.Bg2 Nc6 4.Nc3 Bb4 5.Nf3 O-O 6.O-O e4 7.Ne1 Re8 8.Nc2 Bc5
9.d4 exd3 10.exd3 Nd4 11.Nxd4 Bxd4 12.Ne2 Bb6 13.d4 d5 14.c5 Ba5 15.Bd2 c6
16.b4 Bc7 17.Nc3 Ne4 18.Be1 Bf5 19.f3 Nxc3 20.Bxc3 Qg5 21.Re1 h5 22.Qd2 Qg6
23.Rxe8+ Rxe8 24.Re1 Re6 25.Rxe6 Bxe6 26.Bf1 h4 27.Bd3 Bf5 28.Bxf5 Qxf5 29.f4 Qe4
30.Qe1 f5 31.Qxe4 dxe4 32.Kf2 Kf7 33.gxh4 Bxf4 34.h5 Bh6 35.a4 Ke6 36.b5 Kd5
37.Bb4 Kxd4 38.a5 a6  0-1

[Event "TCh-BEL 2006-7"]
[Site "Belgium BEL"]
[Date "2007.02.11"]
[Round "8"]
[White "Deleyn,G"]
[Black "Beuselinck,S"]
[Result "1/2-1/2"]
[WhiteElo "2307"]
[BlackElo "2164"]

1.c4 e5 2.g3 Nc6 3.Bg2 g6 4.Nc3 Bg7 5.e3 d6 6.Nge2 Be6 7.d3 Qd7 8.Nd5 Nd8
9.e4 c6 10.Ne3 Bh3 11.Bf3 h5 12.Ng1 Be6 13.h4 Nh6 14.Bg2 O-O 15.Ne2 f5 16.f3 d5
17.cxd5 cxd5 18.exd5 Bxd5 19.Nxd5 Qxd5 20.Be3 Nc6 21.Qd2 f4 22.gxf4 Nf5 23.Nc3 Qa5
24.Bf2 exf4 25.O-O Ne3 26.Rfe1 Rad8 27.a3 Rfe8 28.b4 Qf5 29.Qa2+ Kh7 30.Ne4 Bxa1
31.Qxa1 Nc2 32.Qa2 Nxe1 33.Bxe1 Rxe4 34.dxe4 Qf6 35.Bf2 Rd1+ 36.Kh2 Kg7 37.Qc2 Qd6
38.Qc3+ Ne5 39.Qc8 Rd2 40.Qxb7+ Qd7 41.Qxd7+ Rxd7 42.b5 Kf7 43.a4 Rb7 44.Bd4 Ke6
45.Bh3+ Kd6 46.Kg2 Rc7 47.a5 Rc2+ 48.Kf1 Nc4 49.Bxa7 Nxa5 50.Bb8+ Ke7 51.Bxf4 Rb2
52.Bg5+ Ke8 53.Be6 Rxb5 54.Kf2 Nb7 55.Ke3 Nd8 56.Bd5 Kd7 57.f4 Ne6 58.Bf6 Ra5  1/2-1/2

[Event "Magistral I"]
[Site "Necochea ARG"]
[Date "2007.02.17"]
[Round "5"]
[White "Valiente,C"]
[Black "Zuriel,M"]
[Result "1/2-1/2"]
[WhiteElo "2281"]
[BlackElo "2197"]

1.c4 e5 2.g3 Nc6 3.Bg2 d6 4.Nc3 g6 5.d3 Bg7 6.Rb1 a5 7.a3 f5 8.e3 Nf6 9.Nge2 O-O
10.b4 axb4 11.axb4 Kh8 12.O-O Nh5  1/2-1/2